Culture Générale - Série 1174 - Statistiques

Statistiques générales
  • Ce quiz a été pris 99 fois
  • Le résultat moyen est 5 sur 10
Statistiques - réponses
Question Réponse % Correct
Dans quel pays du Maghreb se situe la ville de Sousse ? Tunisie
94%
En 1792, à quel révolutionnaire doit-on la phrase : "De l'audace, encore de l'audace, toujours de l'audace" ? Danton
82%
Si l'on ne veut pas prendre parti, quel animal faut-il ménager avec le chou ? la chèvre
78%
A la piscine, quel est le nom du bac que doivent traverser les baigneurs et qui signifie littéralement : "bain de pied" ? pédiluve
77%
Quel bidon à poignée, contenant environ 20 litres et portant un nom d'origine anglaise, s'avère être très précieux en cas de panne d'essence ? jerricane
68%
Comment appelle-t-on l'habitant d'une oasis ? oasien
40%
En quelle année la fusée européenne Ariane 1 réussit-elle son premier vol ? 1979
38%
Dans quel État des États-Unis se trouve Fort Knox, zone militaire qui abrite les réserves d'or du pays ? Kentucky
25%
De quel groupe de rock Jimmy Page devient-il le guitariste en 1968 ? Led Zeppelin
22%
Au billard, quel verbe désigne la faute qui consiste à pousser la bille en l'accompagnant au lieu de la frapper sèchement ? queuter
2%
Aucun quiz correspondant
Distribution des résultats
% des personnes avec chaque résultat
Percentile par nombre de réponses
Votre historique - résultats
Vous n’avez pas pris ce quiz